| 000 | 00958nam a2200301 i 4500 | ||
|---|---|---|---|
| 003 | DO-SdBNP | ||
| 005 | 20250521153714.0 | ||
| 007 | ta | ||
| 008 | 250521b1987 dr d|||| |||| 00| 0 spa d | ||
| 020 | _a999347911X | ||
| 040 |
_aDO-SdBNP _bspa _cBNPHU _erda |
||
| 082 | 4 |
_a616.025 _bU75m _222 |
|
| 245 | 0 | 0 |
_aUrgencias médicas / _ceditor, Guarocuya Batista del Villar. |
| 250 | _aCuartata edición | ||
| 264 | 1 |
_aSanto Domingo : _bAmigo del Hogar, _c1987. |
|
| 300 |
_avolumenes : _bgráficos ; _c22 cm. |
||
| 336 |
_atexto _btxt _2rdacontent |
||
| 337 |
_asin mediación _bn _2rdamedia |
||
| 338 |
_avolumen _bnc _2rdacarrier |
||
| 590 | _aInventariado, 2025/BT | ||
| 650 | 4 |
_aUrgencias médicas _92343 |
|
| 650 | 4 |
_aMedicina de urgencias _925942 |
|
| 650 | 4 |
_aCuidados intensivos (medicina) _925943 |
|
| 650 | 4 |
_aEnfermedades cardiacas _918206 |
|
| 700 | 1 |
_aBatista del Villar, Guarocuya, _eeditor _920408 _4ed. |
|
| 910 | _aBtavárez | ||
| 942 |
_2ddc _cLBS1 |
||
| 999 |
_c59080 _d59080 |
||